| 000 | 00679nam a22002537a 4500 | ||
|---|---|---|---|
| 005 | 20241129142412.0 | ||
| 008 | 170821b2008 xxu||||| |||| 00| 0 spa d | ||
| 020 | _a9789682482090 | ||
| 041 | _aESP | ||
| 082 | _a346.013 F929d | ||
| 100 |
_aFrola Ruíz, Patricia _943843 |
||
| 245 | _aLos derechos de los niños con discapacidad | ||
| 260 | _aMéxico | ||
| 260 | _bTrillas | ||
| 260 | _c2013 | ||
| 300 | _a96 páginas | ||
| 650 | _aDERECHOS DEL NIÑO | ||
| 650 | _aNIÑOS CON NECESIDADES ESPECIALES | ||
| 650 | _aEDUCACIÓN PRESCOLAR | ||
| 650 | _aTRASTORNOS DEL APRENDIZAJE | ||
| 650 | _aEDUCACIÓN ESPECIAL | ||
| 650 | _aNIÑOS EXCEPCIONALES | ||
| 942 |
_cBK _2ddc |
||
| 999 |
_c9754 _d9754 |
||